Z on the Menu! Quiz Stats

 Plays Quiz Updated Nov 6, 2018

Support Sporcle.
Go Orange.
Score 0/30 Timer 07:00
2 Plays Today
Description Food or Drink % Correct
Dish associated with Little Caesar's or Domino'spizza
85.4%
Slang term for alcoholbooze
74.3%
Cucumber-shaped vegetable of the summer squash familyzucchini
70%
Shaved peel of citrus fruits used for flavouringzest
68.7%
Sugary coating applied to food such as doughnuts and hamglaze
65.2%
Pizza dough, folded into a turnover, containing cheese and/or other stuffingscalzone
63.5%
White cheese of Italian origin, generally made from cow or water buffalo milkmozzarella
61.5%
Spanish tomato soup, served coldgazpacho
58.5%
Penne-like pasta, usually broken into 2 inch pieces; its name comes from the Italian word for fianceeziti
51.2%
Sausage originating in Spain and Portugal - a spicy version is popular in Mexicochorizo
51%
Potterville, Michigan hosts an annual fest for this poultry organ, often eaten friedgizzard
49.4%
Cracker-like flatbread, substituted for bread during Passovermatzo
46.5%
Salted bread pastry usually found in knotted or braided formatpretzel
46%
Water into which carbon dioxide has been dissolved (and not solely for old-time comedians to spray at each other)seltzer
44.6%
Anise-flavoured spirit from GreeceOuzo
42.5%
Description Food or Drink % Correct
Generic term applied to a cocktail consisting of gin, carbonated water, sugar and lemon juicefizz
39.3%
Although made from a red grape, the white version of this wine accounts for almost 10% of US wine salesZinfandel
38.1%
Sugar and almond-based confection, often shaped into figurinesmarzipan
34.9%
This nut is used to make Frangelico; its most common variety is the filberthazel
34.8%
This Austrian dish consists of thinly sliced veal, coated with breadcrumbs, and friedWiener Schnitzel
31%
Small, rice-shaped wheat pasta, its name means 'barley', from which it was originally madeorzo
30.1%
Spicy cuisine originating in southwest ChinaSzechuan
29.1%
Greek dipping sauce made from yoghurt and cucumbers, often served with souvlakitzatziki
26.9%
An effect named for this nut describes the phenomenon whereby large items rise to the top of mixtures of different-sized objectsBrazil nut
23.4%
Thin pancake - its name is of Yiddish originblintz
17.6%
Japanese name for dumpling or 'pot sticker'gyōza
16.9%
A dark-skinned grape used to produce red winesShiraz
12.9%
American dish named after an Italian opera star, consisting of (white) meat, mushrooms, almonds and a butter/parmesan/wine saucetetrazzini
5.6%
Thin, sweet bread, similar to Melba Toast, made with eggs and baked twicezwieback
5.4%
Aromatic grape of pink to red color, used to make white wine. The first part of the name is German for 'spicy'Gewürztraminer
3.6%

From the Vault

FIFA World Cup - Last Place in Each Group (98-18)

by Charuas

Sports 7m
When will they start instituting the good old "participation trophy"?
Remove Ads.
Support Sporcle.
Get the best of Sporcle when you Go Orange. This ad-free experience offers more features, more stats, and more fun while also helping to support Sporcle. Thank you for becoming a member.

Show Comments

Extras

Top Quizzes Today


Score Distribution

Your Account Isn't Verified!

In order to create a playlist on Sporcle, you need to verify the email address you used during registration. Go to your Sporcle Settings to finish the process.

Report this User

Report this user for behavior that violates our Community Guidelines.

Details: